000 00650cam a22002298i 4500
001 17893596
005 20180329104426.0
008 130920s2015 nyu 001 0 eng
020 _a9789814714501
040 _cPK-LaUMT
082 0 0 _a657.046
_223
_bHOY-A
100 1 _aHoyle, Joe Ben
245 1 0 _aAdvanced accounting /
_cJoe B. Hoyle, Thomas F. Schaefer, and Timothy S. Doupnik
250 _a12th ed.
260 _aNew York :
_bMcGraw-Hill Education,
_c2015
300 _axxiii, 904 p. ;
_c29 cm
500 _aIncludes index.
650 0 _aAccounting.
700 1 _aSchaefer, Thomas F.
700 1 _aDoupnik, Timothy S.
942 _cBK
999 _c104067
_d104067